00563 2200193 4500001002100000005001500021035002000036245010500056100002100161300002600182260003200208082001100240084001700251020002200268600002800290990001700318990001700335990001700352INLIS00000000000151620260702074144 a0010-07260000051 aTerapi Berpikir Positif Islami Mukjizat Meraih Kesuksesan dan Kebahagiaan Hakiki /cHastra J. Altara0 aAltara, Hastra J a235 hlm ;c14 X 21 cm aYogyakarta :bAraska,c2021 a297.56 a297.56 ALT t a978-623-7910-66-4 4aBerpikir Positif Islami a4927/PP/2026 a4928/PP/2026 a4929/PP/2026